<?xml version="1.0" encoding="UTF-8"?>
<marc:record xmlns:marc="http://www.loc.gov/MARC21/slim">
   <marc:leader>00000nam a2200000 a 4500</marc:leader>
   <marc:datafield ind1="1" ind2=" " tag="100">
      <marc:subfield code="a">Lindgren, Astrid</marc:subfield>
      <marc:subfield code="4">aut</marc:subfield>
      <marc:subfield code="e">Verfasser/-in</marc:subfield>
   </marc:datafield>
   <marc:datafield ind1=" " ind2=" " tag="653">
      <marc:subfield code="a">DVD-ROM</marc:subfield>
   </marc:datafield>
   <marc:datafield ind1="0" ind2="0" tag="245">
      <marc:subfield code="a">Das große Weihnachtsfest</marc:subfield>
   </marc:datafield>
   <marc:datafield ind1="0" ind2="0" tag="245">
      <marc:subfield code="b">Kurzfilmsammlung (9 Filme)</marc:subfield>
   </marc:datafield>
   <marc:datafield ind1="0" ind2="0" tag="245">
      <marc:subfield code="c">Astrid Lindgren</marc:subfield>
   </marc:datafield>
   <marc:datafield ind1=" " ind2="1" tag="264">
      <marc:subfield code="a">Hamburg</marc:subfield>
      <marc:subfield code="b">Oetinger Media GmbH</marc:subfield>
      <marc:subfield code="c">2011</marc:subfield>
   </marc:datafield>
   <marc:datafield ind1="1" ind2=" " tag="520">
      <marc:subfield code="a">Angaben aus der Verlagsmeldung

Das große Weihnachtsfest (2 DVD) : Kurzfilmsammlung (9 Filme) / von Astrid Lindgren

Noch nie war Heiligabend so schön! Lauter Lindgren-Lieblinge zum Fest Nirgendwo ist es so schön wie in Bullerbü! Vor allem zu Weihnachten, wenn das ganze Haus nach Pfefferkuchen duftet und die Kinder draußen im Schnee spielen. Aber auch für Pippi, Lotta, Polly, und die anderen Lindgren-Weihnachtskinder ist jetzt die schönste Zeit des Jahres! Deshalb findet Michel ja auch, dass es allen Menschen so gut gehen soll und er feiert ein Fest mit den Armen. Ob Michels Papa das genauso sieht? Neun Weihnachtsfilme mit Pippi, Lotta und vielen anderen Lindgren-Figuren auf zwei DVDs in Schmuckverpackung, mit Lackierung und Goldeffekt. Extras im Booklet: schwedische Weihnachtsbäckerei mit Rezepten, schwedische Weihnachtsbräuche Inhalt DVD1: - Pippi lernt Plutimikation (25 min.) - Pippi und das Weihnachtsfest (25 min.) - Als Michel das Fest für die Armen gab (25 min.) - Weihnachtsschmaus bei Tante Jenny, Bullerbü-Serie (25 min.) - Lasse, der Eisläufer, Bullerbü-Serie (25 min.) Inhalt DVD 2: - Lotta: Ein Weihnachtsbaum muss her (25 min.) - Pelle zieht aus (25 min.) - Polly hilft der Großmutter (25 min.) - Peter und Petra (1+2) (50 min.) Technische Daten: - Realfilm Farbe - Laufzeit: ca. 250 Minuten - Bild: 4:3 (1,33:1) - Sprache: Deutsch
</marc:subfield>
   </marc:datafield>
   <marc:datafield ind1=" " ind2=" " tag="300">
      <marc:subfield code="a">DVDs</marc:subfield>
   </marc:datafield>
</marc:record>
